000 00532 a2200181 4500
001 144118
040 _cLeonardo Da Vinci
041 _aPortuguês
082 _aAP469.5 S278p
_bS278p
100 _aSAVIOLI, Francisco Platão
_aCASTRO, Dácio Antônio
_aTEIXEIRA, Ivan Prado
_aRAMOS, José de Paula
245 _aPortuguês
_bcaderno de exercícios
250 _aLEC
260 _bAnglo
_c2001
_aSão Paulo
300 _a334
362 _a20100821
697 _aGramática
_aInterpretação de textos
_aLiteratura
_aLE
942 _cBK
999 _c144118
_d144118